| 000 | 01230nam a22002537a 4500 | ||
|---|---|---|---|
| 001 | 2520 | ||
| 005 | 20231213151432.0 | ||
| 020 | _a9780590424608 | ||
| 040 |
_aDLC _cCarP _dDLC _beng |
||
| 050 | _aE444.L47 | ||
| 082 | _a306.3620973 | ||
| 100 | 1 | _aLester, Julius | |
| 245 | 1 | 0 |
_aTo be a slave / _cA NEWBERY HONOR BOOK ; JULIUS LESTER |
| 260 |
_aNew York : _bScholastic, _c1972 |
||
| 300 |
_a160 pages : _billustrations ; _c18 cm |
||
| 505 | 0 | _aZ | |
| 520 | _aA Newbery Honor Book What was it like to be a slave? Listen to the words and learn about the lives of countless slaves and ex-slaves, telling about their forced journey from Africa to the United States, their work in the fields and houses of their owners, and their passion for freedom. You will never look at life the same way again. "The dehumanizing aspects of slavery are made abundantly clear, but a testament to the human spirit of those who endured or survived this experience is exalted."--Children's Literature | ||
| 521 |
_a1040 _bLexile |
||
| 521 |
_aZ _bRaz-Plus |
||
| 650 | 0 |
_aEnslaved persons _zUnited States _xSocial conditions. |
|
| 650 | 0 |
_aSlavery _zUnited States _xPersonal narratives. |
|
| 700 | 1 |
_aFeelings, Tom _eillustrator |
|
| 942 |
_2ddc _cBK _n0 |
||
| 999 |
_c2520 _d2520 |
||